000 01089cpcaa2200241 4500
001 mm 75036020
003 DLC
005 20260227111616.0
008 751124|||||||||||| eng
010 _amm 75036020
_bms 77001505
040 _aDLC
_edacs
_cDLC
_dDLC
072 7 _aW
_2lcmd
111 2 _aCentennial Exhibition
_d(1876 :
_cPhiladelphia, Pa.)
245 0 0 _aCentennial Exhibition (1876 : Philadelphia, Pa.) records,
_f1875-1876.
300 _a26
_fitems.
300 _a1
_fcontainer.
506 0 _aOpen to research.
520 8 _aRecord book (2 volumes; 1875 May 24-l876 April 10) of expenses for the exhibits of the U.S. Dept. of the Interior, published satire entitled Our Show (1876), form letters from centennial officials, visitor's certificate, and tickets of admission.
546 _aCollection material in English.
610 1 0 _aUnited States.
_bDepartment of the Interior.
999 _c39359
_d39359